00403nam a22001337a 4500003000400000008004100004082001800045100001900063245010200082260003200184300000900216502001500225650002900240OSt260427b |||||||| |||| 00| 0 eng d a634.421bS33E aSharma, Subrat aEffect of Foliar Feeding of Potassium Zinc, Boron and Molybdenum on Guava (Psidium guajava Linn.) aPusa, SamastipurbRAUc1991 a85P. bMsc.d1991 aFruit & Fruit Technology